000 01564nam a2200241Ia 4500
003 Ost
005 20260507075117.0
008 260507s9999||||xx |||||||||||||| ||und||
040 _cfsecg
041 _aara
082 _a657.45
100 _aلطفي، أمين السيد أحمد
_eمؤلف
245 0 _aالمراجعة الدولية وعولمة أسواق رأس المال /
_c أمين السيد أحمد لطفي
260 _aالإسكندرية:
_bالدار الجامعية,
_c2005
300 _a964 صفحة؛
_bإيضاحات ؛
_c25 سم
520 _aالعولمة والتجارة الدولية وأثرها على المحاسبة والمراجعة- المراجعة الخارجية في ظل البيئة الدولية- التوافق الدولي للمراجعة- متطلبات التعليم والخبرة والتأهيل للمراجعين على المستوى الدولي- أخلاقيات وآداب المهنة على المستوى الدولي- تقارير المراجعة الدولية- المراجعة الداخلية على الشركات الدولية- المراجعة الدولية وحوكمة إدارة الشركات- التجارة الإلكترونية وأثرها على خدمات التأكيد
653 _aالتجارة الدولية
653 _aالعولمة- الجوانب الاقتصادية
653 _aالمراجعة الدولية
653 _aرأس المال- الجوانب الاقتصادية
653 _aمراجعة الحسابات
942 _cكتاب
999 _c43025
_d43025